000 00288nam a22001337a 4500
008 170718b xxu||||| |||| 00| 0 eng d
020 _a9781932946192
041 _aeng
080 _a2
100 _a24
101 _aTEO
245 _aA MUSLIM ARCHIPELAGO
_cGROSS, M.L
942 _2udc
_cBK
999 _c21448
_d21448